000 00826nam a2200289Ia 4500
003 OSt
005 20221007080143.0
006 a|||||r|||| 00| 0
007 ta
008 221006b |||||||| |||| 00| 0 eng d
020 _a8171942316
024 _a1,310
037 _cReference Collections
040 _aFLL
_cFLL
_beng
041 _2eng
_aeng
082 _aX72:Z2q, P0
100 _aSinghania Vinod K.
245 0 _aDirect taxes
_b Law and practices
250 _a24th
260 _aNew Delhi
_bTaxmann Publications (P.) Ltd. India
_c2000
300 _a1235p
_ccm.
650 _aTaxation
700 _a Singhania Kapil
700 _a Singhania Monica
942 _hX72:Z2q, P0
_cREF
_2CC
999 _c1158507
_d1158507